000 01957 a2200289 4500
003 NUST
005 20221230142301.0
010 _a 2006282113
020 _a0471749222 (hbk.)
020 _a9780471749226
035 _a(OCoLC)ocm61425189
040 _cNust
082 _a621.38456,LIN
100 1 _aLin, Yi-Bing,
_9106492
245 1 0 _aWireless and mobile network Architectures /
_cYi-Bing Lin and Chlamatc
260 _a New york, IN :
_bWiley,
_cc2001.
300 _axxiii, 532 p. :
_bill. ;
_c25 cm.
505 _aIntroduction (Page-1), Mobility Management (Page-15), Handoff Management (Page-37), IS-41 Network Signaling (Page-73), Intersystem Handoff And Authentication In IS-41 (Page-91), PACS Network Signaling (Page-115), Cellular Digital Packet Data (Page-139), GSM System Overview (Page-151), GSM Network Signaling (Page-173), GSM Mobility Management (Page-191), GSM Short Message Service (Page-219), International Roaming For GSM (Page-239), GSM Operations, Administration And Maintenance (Page-251), Mobile Number Portability (Page-265), Voip Service For Mobile Networks (Page-287), Mobile Prepaid Phone Services (Page-309), General Packet Radio Service (Page-335), Wireless Application Protocol (Page-379), Heterogeneous PCS (Page-397), Third Generation Mobile Services (Page-413), Paging Systems (Page-441), Wireless Local Loop (Page-457), Wireless Enterprise Networks (Page-481).
650 0 _aComputer network protocols.
_981627
650 0 _aMobile communication systems.
_918556
650 0 _aWireless communication systems.
_9594
700 1 _aPang, Ai-Chun.
_9106493
856 4 2 _3Contributor biographical information
_uhttp://www.loc.gov/catdir/enhancements/fy0653/2006282113-b.html
856 4 2 _3Publisher description
_uhttp://www.loc.gov/catdir/enhancements/fy0653/2006282113-d.html
856 4 2 _3Table of contents only
_uhttp://www.loc.gov/catdir/enhancements/fy0902/2006282113-t.html
942 _2ddc
_cBK
_k621.38456,LIN
999 _c179333
_d179333